|
|
|
|
| LEADER |
00000nam0a2200000 4500 |
| 001 |
592311 |
| 005 |
20231101131714.0 |
| 035 |
|
|
|a (RuTPU)RU\TPU\tpu\3959
|
| 035 |
|
|
|a TPU00003959
|
| 090 |
|
|
|a 592311
|
| 100 |
|
|
|a 20011210d1965 k y0rusy50 ca
|
| 101 |
0 |
|
|a rus
|
| 102 |
|
|
|a RU
|
| 105 |
|
|
|a y z 000zy
|
| 200 |
1 |
|
|a Прибор для контроля сопротивления изоляции экранированных кабелей при механических испытаниях
|f А. И. Зайцев, Н. Н. Мишина, В. З. Ямпольский
|
| 210 |
|
|
|a М
|c Госинти
|d 1965
|
| 215 |
|
|
|a 12 с.
|
| 225 |
1 |
|
|a Передовой научно-технический и производственный опыт
|v № 18-65-274(10)
|
| 333 |
|
|
|a В фонде НТБ ТПУ отсутствует
|
| 610 |
1 |
|
|a электротехника
|
| 610 |
1 |
|
|a труды учёных ТПУ
|
| 700 |
|
1 |
|a Зайцев
|b А. И.
|
| 701 |
|
1 |
|a Мишина
|b Н. Н.
|
| 701 |
|
1 |
|a Ямпольский
|b В. З.
|c директор института "Кибернетический центр" Томского политехнического университета
|f 1938-
|g Владимир Захарович
|x TPU
|2 stltpush
|3 (RuTPU)RU\TPU\pers\12100
|
| 801 |
|
0 |
|a RU
|b 63413507
|c 20011210
|g PSBO
|
| 801 |
|
2 |
|a RU
|b 63413507
|c 20111229
|g PSBO
|
| 942 |
|
|
|c BK
|